000 00456nam a2200157Ia 4500
008 160316s1998 xxu||||| |||| 00| 0 eng d
082 _a340.000000
_bGES
100 _aGessner Volkmar
245 _aEmerging legal certainity : Empirical studies on the globalization of law
250 _a
260 _aAldershot
_bAshgate
_c1998
300 _a456p
_b
_c
365 _b Rs. 6,083
650 _a1. Law - International Unification
700 _aBudak Ali Cem
_a
999 _c28329
_d28329